Treballs del Servei Tècnic del Paludisme
Descripción Física:
XVII, 155 p., [7] f. pleg., [4] làm. ; 24 cm
Otros Autores:
Catalunya. Mancomunitat. Servei Tècnic del Paludisme
Materias:
Paludisme -- Catalunya
MARC
| LEADER | 00000nam a2200000Ia 4500 | ||
|---|---|---|---|
| 001 | 701 | ||
| 008 | 160829s1915 - 1916 xx 000 0 cat d | ||
| 710 | 2 | |a Catalunya. |b Mancomunitat |9 53015 | |
| 856 | 4 | |u https://media.diba.cat/diba/fitxers/arxiu/mancomunitat/bib_701_1923_web.pdf |y Accés lliure | |
| 952 | |0 0 |1 0 |4 0 |6 C264 |7 1 |9 45162 |a Arxiu |b Arxiu |d 2016-12-01 |l 0 |o C-2-64 |p 701 |r 2016-12-01 00:00:00 |w 2016-12-01 |y ARXIU | ||
| 999 | |c 48233 |d 48233 | ||
| 080 | |a C-2-64 | ||
| 245 | |a Treballs del Servei Tècnic del Paludisme | ||
| 260 | |a Barcelona : |b Publicacions del Institut de Ciències, |c 1915 - 1916 | ||
| 300 | |a XVII, 155 p., [7] f. pleg., [4] làm. ; |c 24 cm | ||
| 590 | |a Abans del títol: Mancomunitat de Catalunya. | ||
| 590 | |a Hi ha un duplicat a: DUP-249 | ||
| 650 | |a Paludisme |x Catalunya |9 24337 | ||
| 700 | |a Catalunya. Mancomunitat. Servei Tècnic del Paludisme |9 29910 | ||
| 901 | |a Arxiu | ||
| 942 | |n 1 |2 udc | ||